01229nam a2200205 a 4500008004100000020001800041050001500059100002900074245013400103260003500237300002200272650006400294650006400358700002000422995014800442995014800590999001700738952013400755952013400889130510s2001 ||||||||||||||||| || u a9781919766188 aQK 394 VAN avan Wyk, Abraham (Braam)10aRegions of floristic endemism in Southern Africa: a review with emphasis on succulentscby Van Wyk Abraham E. and Smith Gideon F. aCape Town:bUmdaus Pressc2001 aviii,199p.: ill.  aENDEMIC PLANTS--AFRICA, SOUTHERN--GEOGRAPHICAL DISTRIBUTION aSUCCULENT PLANTS--AFRICA, SOUTHERN--GEOGRAPHIC DISTRIBUTION aSmith, Gedeon F aMAIN LIBRARY OPEN ACCESSe744021FCBU-MAIN LIBRARY (Kitwe)jQK 394 VANM1UAVAILABLEWMay 16, 2013y744021ZMain Library Open Access Collection aMAIN LIBRARY OPEN ACCESSe744022FCBU-MAIN LIBRARY (Kitwe)jQK 394 VANM2UAVAILABLEWMay 16, 2013y744022ZMain Library Open Access Collection c80025d80025 00102lcc4070a001b001cMain Library Open Access Collectiond2023-06-29l0oQK 394 VANp744021r2023-06-29t1w2023-06-29y002 00102lcc4070a001b001cMain Library Open Access Collectiond2023-06-29l0oQK 394 VANp744022r2023-06-29t2w2023-06-29y002